000 02329ngm a22004690a 4500
001 PT50884
003 AR-LpoUNG
005 20210202000039.0
007 vd cvaizq
008 191001s2001||||ag |||||||||||||||||spa d
037 _c$4
040 _aAR-LpoUNG
_bspa
_cAR-LpoUNG
_eaacr
041 _aspa
044 _aag
082 0 _a303.62 381vir
100 1 _aSchroeder, Barbet
_edir.
245 1 3 _aLa virgen de los sicarios
260 _aBuenos Aires :
_bTranseuropa Video Entertainment,
_c2001.
300 _aDVD (ca. 97 min.) : son., col.
505 0 _aEl inventario 00055797 fue dado de baja por deterioro. 20151105
505 0 _aHecha en 2000. Guión: Fernando Vallejo. Reparto: Germán Jaramillo, Anderson Ballesteros, Juan David Restrepo, Manuel Busquets, Wilmar Agudelo, Juan Carlos Álvarez, Jairo Alzate, Zulma Arango. Menú interactivo, selección de escenas, infografía, filmografía, trailer, detrás de cámaras, críticas.
520 _aTras una ausencia de treinta años, el escritor Fernando Vallejo vuelve a Medellín, ciudad donde creció. No queda gran cosa de lo que había dejado: sus padres están muertos, una parte de la ciudad ha sido destruida, la mafia de la cocaína, el cártel de Medellín, siembra el terror mediante bandas de asesinos. En un burdel de chicos, encuentra a Alexis, de dieciséis años. Procedente de barrios pobres, Alexis forma parte de estos asesinos que matan a sueldo y que a su vez son asesinados por jóvenes sin futuro. Ya tiene varias muertes en su conciencia. En esta ciudad de horror, caos y odio, donde las deudas de sangre pasan de hermanos a hermanos y de amigos a amigos, y donde sólo las iglesias son oasis de paz, el amor va a nacer entre ellos. Un amor sin futuro, condenado de antemano, por la realidad que les rodea.
650 4 _aCOLOMBIA
650 4 _aCONFLICTOS SOCIALES
650 4 _aCULTURA POPULAR
650 4 _aDRAMA
650 4 _aHOMOSEXUALIDAD
650 4 _aJOVENES
650 4 _aPROBLEMAS SOCIALES
650 4 _aRELACIONES HUMANAS
650 4 _aSOCIOLOGIA URBANA
650 4 _aTRAFICO DE DROGAS
650 4 _aVIOLENCIA
651 4 _aColombia
653 _aCINE COLOMBIANO
653 _aCINE ESTADOUNIDENSE
653 _aDVD
653 _aPOLICIAL
653 _aVIDEOS
905 _a50884
942 _cDVD
999 _c54026
_d54026